Wszyscy królowie strzelców mistrzostw Świata . - Statystyki

Ogólne statystyki
  • Ten quiz został rozwiązany 155 razy
  • Średni wynik to 14 z 30
Statystyki odpowiedzi
Rok Ilość goli Narodowość Piłkarz % Poprawnych
2018 6 Anglia Kane
97%
2002 8 Brazylia Ronaldo
91%
2006 5 Niemcy Klose
85%
1974 7 Polska Lato
80%
1970 10 RFN Muller
79%
2010 5 Niemcy Muller
79%
2010 5 Urugwaj Forlan
77%
2014 6 Kolumbia James
74%
1994 6 Bułgaria Stoichkov/Stoiczkow
69%
1998 6 Chorwacja Suker
68%
2010 5 Hiszpania Villa
67%
1966 9 Portugalia Eusebio
61%
2010 5 Holandia Sneijder
50%
1962 4 Brazylia Garrincha
47%
1986 6 Anglia Lineker
47%
1982 6 Włochy Rossi
47%
1978 6 Argentyna Kempes
38%
1994 6 Rosja Salenko
34%
1938 7 Brazylia Leonidas
31%
1958 13 Francja Fontaine
28%
1990 6 Włochy Schillaci
21%
1954 11 Węgry Kocsis
19%
1962 4 Brazylia Vava
18%
1930 8 Argentyna Stabile
15%
1962 4 Węgry Albert
13%
1950 9 Brazylia Ademir
11%
1962 4 Chile Sanchez
11%
1934 5 Czechosłowacja Nejedly
10%
1962 4 ZSRR Ivanov
7%
1962 4 Yugoslavia Jerkovic
6%
Nie znaleziono quizów pasujących do podanych kryteriów
Rozkład punktacji
Procent ludzi z każdym wynikiem
Percentyl według liczby udzielonych odpowiedzi
Twoja historia wyników
Nie rozwiązałeś tego quizu